000 00965nam a2200229 a 4500
003 AM-YEHGA
001 137088
005 20250617163542.0
008 030329s1961 ru a||||r|||||001|||rus||
040 _aAM-YeHGA
041 0 _arus
100 1 _aБелогрудов, Владимир Афанасьевич
245 1 0 _aРудничная автоматика и телемеханика :
_bЛабораторно-практические работы /
_cВ.А. Белогрудов, Л.П. Хонинев.
260 _aМосква :
_bГосгортехиздат,
_c1961.
300 _a184 с. :
_bил. ;
_c20 см.
504 _aБиблиогр. в конце ст.
650 1 4 _aГорное дело
650 1 4 _aГорные предприятия (рудники, шахты, карьеры)
_xАвтоматика
_xТелемеханика
700 1 _aХонинев, Леонид Павлович
942 _2udc
_cBK
090 _c511844
999 _c508399
_d508399